[Event "TCh-BEL 2016-17"]
[Site "masterchessopen.com Belgium BEL"]
[Date "2017.02.19"]
[Round "8.4"]
[White "Bekker,Stefan"]
[Black "Sarrau,J"]
[Result "0-1"]
[WhiteElo "2313"]
[BlackElo "2373"]

1.Nf3 c5 2.g3 b6 3.Bg2 Bb7 4.O-O Nf6 5.c4 e6 6.Nc3 Be7 7.b3 O-O 8.Bb2 a6 9.Rc1
d6 10.e3 Nbd7 11.d4 cxd4 12.exd4 Rc8 13.d5 e5 14.Ne1 Re8 15.Nc2 Bf8 16.Kh1 g6
17.Nb4 Qc7 18.Nc6 Bh6 19.Rc2 Nb8 20.Na7 Rcd8 21.f4 Bg7 22.fxe5 dxe5 23.Rcf2
Ba8 24.Nab5 axb5 25.Nxb5 Qc5 26.Ba3 Qe3 27.Nc7 Nbd7 28.Nxe8 Rxe8 29.Bc1 Qd4
30.Qxd4 exd4 31.Bg5 Ng4 32.Rxf7 Nde5 33.Ra7 Ne3 34.Re1 Nd3 35.Re2 h6 36.Bxe3
dxe3 37.Rxe3 Rxe3 38.Rxa8+ Kf7 39.Ra7+ Re7 40.Rxe7+ Kxe7 41.Kg1 Kd6 42.Be4
Bd4+ 43.Kg2 Ne5 44.Kf1 Kc5 45.Ke2 Bb2 46.Bb1 Kd4 47.h3 Ba3 48.Kd2 Be7 49.Ke2
g5 50.Bh7 Bd6 51.h4 Nd7 52.hxg5 hxg5 53.Bf5 Nf6 54.g4 Kc3 55.Be6 Bf4 56.Bf5
Kd4 57.Kd1 Kc3 58.Ke2 Ne8 59.Bh7 Nd6 60.Bg6 Kd4 61.Kf3 Be5 62.Bh7 Kc3 63.Ke2
Bd4 64.Bg8 Bc5 65.Bh7 Kb2 66.Kd3 Kxa2 67.Kc3 Ka3 68.Bg6 Bf2 69.Bc2 Bg3 70.Kd4
Kb4 71.Bd1 Nb7 {#R} 0-1

[Event "TCh-BEL 2016-17"]
[Site "masterchessopen.com Belgium BEL"]
[Date "2017.02.19"]
[Round "8.5"]
[White "Lenaerts,L"]
[Black "De Haan,E"]
[Result "0-1"]
[WhiteElo "2306"]
[BlackElo "2329"]

1.d4 Nf6 2.c4 e6 3.Nc3 Bb4 4.Qc2 d5 5.a3 Bxc3+ 6.Qxc3 O-O 7.e3 b6 8.cxd5 Nxd5
9.Qc2 Bb7 10.Nf3 c5 11.dxc5 Nd7 12.Bd3 h6 13.cxb6 Rc8 14.Qe2 Nc5 15.O-O Qxb6
16.Bc4 Nb3 17.Bxb3 Qxb3 18.Nd4 Qb6 19.Rd1 Rfd8 20.Bd2 e5 21.Nf5 Kh7 22.e4 Nf6
23.Be3 Qe6 24.Rxd8 Rxd8 25.f3 Ba6 26.Qf2 Qb3 27.Bxh6 Rd1+ {#R} 0-1

[Event "TCh-BEL 2016-17"]
[Site "masterchessopen.com Belgium BEL"]
[Date "2017.02.19"]
[Round "8.8"]
[White "Veltkamp,G"]
[Black "Woudsma,M"]
[Result "1-0"]
[WhiteElo "2149"]
[BlackElo "2173"]

1.e4 g6 2.d4 Bg7 3.Nc3 d6 4.Be3 a6 5.Qd2 b5 6.f3 Nd7 7.h4 h5 8.Nh3 Ngf6 9.Ng5
O-O 10.O-O-O Nb6 11.Bd3 e5 12.dxe5 dxe5 13.Bc5 Re8 14.Qe3 Bd7 15.Be2 Qb8
16.Rd2 Rc8 17.Rhd1 Be8 18.g4 a5 19.gxh5 b4 20.Nd5 Nbxd5 21.exd5 Nxh5 22.Bc4 a4
23.Qe4 Nf4 24.Be3 a3 25.b3 f5 26.d6+ Kh8 27.Qxa8 Qxa8 28.d7 Bxd7 29.Rxd7 Rf8
30.Rxg7 Ne2+ 31.Bxe2 Kxg7 32.Rd7+ Kf6 33.Bc4 f4 34.Bc5 Qc8 35.Nh7+ Kf5 36.Nxf8
e4 37.Be6+ Ke5 38.Bd4# 1-0

[Event "Bundesliga 2016-17"]
[Site "masterchessopen.com Munich GER"]
[Date "2017.02.19"]
[Round "8.2"]
[White "Eichler,C"]
[Black "Carlstedt,J"]
[Result "1-0"]
[WhiteElo "2325"]
[BlackElo "2438"]
[EventType "team"]

1.Nf3 Nf6 2.c4 e6 3.g3 a6 4.Bg2 b5 5.b3 Bb7 6.O-O Be7 7.Nc3 b4 8.Na4 d6 9.Bb2
Nbd7 10.d3 c5 11.e4 Qc7 12.Qe2 O-O 13.e5 dxe5 14.Nxe5 Bxg2 15.Kxg2 Nxe5
16.Bxe5 Qc6+ 17.Qf3 Qxf3+ 18.Kxf3 Nd7 19.Bf4 e5 20.Be3 f5 21.Ke2 f4 22.Bc1 f3+
23.Kd1 e4 24.dxe4 Nf6 25.Kc2 Nxe4 26.Be3 Rae8 27.Rad1 Bg5 28.Bxg5 Nxg5 29.Nxc5
Re2+ 30.Rd2 Rfe8 31.Rd1 a5 32.h4 Nh3 33.Nd3 Rxd2+ 34.Rxd2 Ng1 35.Nf4 Ne2
36.Nd5 Re5 37.Rd3 h6 38.Kd2 Ng1 39.Re3 Rxe3 40.Kxe3 g5 41.hxg5 hxg5 42.Ne7+
Kf7 43.Nc6 Kf6 44.Nxa5 Kf5 45.Nc6 g4 46.Nxb4 Ne2 47.Nd3 Nc3 48.a4 Ne4 49.a5
Nd6 50.a6 Nc8 51.b4 {#r} 1-0

[Event "Bundesliga 2016-17"]
[Site "masterchessopen.com Griesheim GER"]
[Date "2017.02.19"]
[Round "8.5"]
[White "Mista,A"]
[Black "Wagner,De"]
[Result "0-1"]
[WhiteElo "2588"]
[BlackElo "2543"]
[EventType "team"]

1.e4 e5 2.Nf3 Nc6 3.Bb5 a6 4.Ba4 Nf6 5.O-O Be7 6.d3 b5 7.Bb3 d6 8.a3 O-O 9.Nc3
Bg4 10.Be3 Nd4 11.Bxd4 exd4 12.Nd5 Nd7 13.h3 Bxf3 14.Qxf3 a5 15.Nxe7+ Qxe7
16.Qg3 a4 17.Ba2 Qe5 18.f4 Qc5 19.Qf2 Rab8 20.c3 dxc3 21.d4 Qc6 22.e5 cxb2
23.Qxb2 Nb6 24.Rab1 Nc4 25.Bxc4 Qxc4 26.Rfc1 Qd3 27.Rxc7 Qe3+ 28.Qf2 Qxa3
29.f5 Qd3 30.Re1 b4 31.f6 gxf6 32.Re3 Qg6 33.Rg3 b3 34.h4 b2 35.h5 b1=Q+
36.Kh2 Qe4 37.Qxf6 Qxg3+ 38.Kxg3 Rb3+ 39.Kh2 Qg4 40.h6 Qg3+ {#R} 0-1

[Event "Bundesliga 2016-17"]
[Site "masterchessopen.com Griesheim GER"]
[Date "2017.02.19"]
[Round "8.6"]
[White "Rabiega,R"]
[Black "Krassowizkij,J"]
[Result "1-0"]
[WhiteElo "2498"]
[BlackElo "2438"]
[EventType "team"]

1.e4 e6 2.d4 d5 3.Nc3 Nf6 4.Bg5 Bb4 5.Ne2 dxe4 6.a3 Be7 7.Bxf6 Bxf6 8.Nxe4 Nc6
9.c3 Be7 10.g3 f5 11.Nd2 Qd5 12.Rg1 e5 13.Bg2 e4 14.f3 exf3 15.Bxf3 Qd6 16.Qb3
a5 17.a4 Ra6 18.Nc4 Qh6 19.Nf4 Bd6 20.Nxd6+ Qxd6 21.O-O-O Nd8 22.Rge1+ Kf8
23.Rd2 Bd7 24.Rde2 g5 25.Nd3 Rb6 26.Qc2 g4 27.Bg2 Qh6+ 28.Kb1 Rd6 29.Nc5 Qg6
30.Re7 {#r} 1-0

[Event "Bundesliga 2016-17"]
[Site "masterchessopen.com Dresden GER"]
[Date "2017.02.19"]
[Round "8.8"]
[White "Neef,M"]
[Black "Saltaev,M"]
[Result "1-0"]
[WhiteElo "2443"]
[BlackElo "2477"]
[EventType "team"]

1.Nf3 d5 2.d4 c6 3.Bf4 Nf6 4.e3 Qb6 5.Qc1 Nh5 6.Be5 Nd7 7.Be2 Nxe5 8.dxe5 g6
9.O-O Bh6 10.c4 O-O 11.cxd5 cxd5 12.Nc3 Be6 13.Rd1 Rac8 14.Rd4 f6 15.Qd2 fxe5
16.Nxd5 Bxd5 17.Rxd5 Nf6 18.Rb5 Qc7 19.Qb4 b6 20.Rxe5 Qd6 21.Qxd6 exd6 22.Rb5
Rf7 23.Rd1 Bf8 24.Rb3 Rfc7 25.Nd4 Rc1 26.Rd3 Kf7 27.Kf1 Rxd1+ 28.Rxd1 a5
29.Bd3 Nd7 30.Bb5 Ne5 31.Ke2 Kf6 32.f4 Nf7 33.Kf3 Rc5 34.Bd3 h6 35.Bc2 Ne5+
36.Ke2 Nc6 37.Bb3 Nxd4+ 38.Rxd4 b5 39.a4 bxa4 40.Bxa4 Be7 41.Kf3 g5 42.g3 gxf4
43.exf4 d5 44.Rd2 Ke6 45.Re2+ Kf7 46.Rc2 Rxc2 47.Bxc2 Kg7 48.b3 Bb4 49.Kg4 Be1
50.Kf5 Bf2 51.Bd1 d4 52.Be2 Be1 53.g4 Bb4 54.g5 Bd6 55.h4 Bc7 56.Kg4 Bd6 57.f5
{#r} 1-0

[Event "Bundesliga 2016-17"]
[Site "masterchessopen.com Dresden GER"]
[Date "2017.02.19"]
[Round "8.8"]
[White "Buckels,Valentin"]
[Black "Hoffmann,Pau"]
[Result "0-1"]
[WhiteElo "2273"]
[BlackElo "2372"]
[EventType "team"]

1.d4 Nf6 2.c4 e6 3.Nc3 Bb4 4.e3 O-O 5.Ne2 d5 6.a3 Be7 7.cxd5 exd5 8.b4 a5 9.b5
Re8 10.Ng3 c5 11.bxc6 Nxc6 12.Be2 g6 13.O-O Bd6 14.Qb3 h5 15.Bf3 Be6 16.Qxb7
Rc8 17.Bd2 Re7 18.Qb3 h4 19.Nge2 g5 20.g3 Kg7 21.Qb5 Na7 22.Qd3 Qd7 23.Bg2 Bh3
24.f4 Bxg2 25.Kxg2 Rh8 26.f5 Bb8 27.Qa6 Rh6 28.Qxa5 Nc6 29.Qb5 Re8 30.e4 hxg3
31.hxg3 Reh8 32.Rh1 Nxe4 33.Nxe4 Qxf5 34.Nf2 Rh2+ 35.Rxh2 Rxh2+ 36.Kxh2 Qxf2+
37.Kh3 g4+ 38.Kxg4 Nxd4 39.Nxd4 Qxg3+ 40.Kh5 Qh3+ 41.Kg5 f6# 0-1

[Event "TCh-LTU 2017"]
[Site "masterchessopen.com Lithuania LTU"]
[Date "2017.02.19"]
[Round "5.1"]
[White "Laurusas,T"]
[Black "Chocenka,D"]
[Result "1-0"]
[WhiteElo "2433"]
[BlackElo "2216"]
[EventType "team"]

1.d4 Nf6 2.c4 g6 3.Nc3 Bg7 4.g3 O-O 5.Bg2 d6 6.e3 c5 7.Nge2 a6 8.O-O Qc7 9.b3
Nc6 10.Bb2 Bd7 11.Qd2 Rad8 12.Rac1 b6 13.h3 Na5 14.e4 cxd4 15.Nxd4 e5 16.Nc2
Bc6 17.Ne3 Ba8 18.Ncd5 Qa7 19.Nxf6+ Bxf6 20.Nd5 Bg7 21.Qe3 Rb8 22.Ba3 Rfd8
23.f4 Nc6 24.f5 Nd4 25.f6 Bf8 26.Kh2 b5 27.Bb2 bxc4 28.Rxc4 Bxd5 29.exd5 Nb5
30.Qxa7 Nxa7 31.h4 h5 32.g4 hxg4 33.Rxg4 Rdc8 34.Bc1 Rc2 35.h5 Rxa2 36.hxg6
fxg6 37.f7+ Kg7 38.Rh4 g5 39.Bxg5 Rxb3 40.Bh6+ {#r} 1-0

[Event "TCh-LTU 2017"]
[Site "masterchessopen.com Lithuania LTU"]
[Date "2017.02.19"]
[Round "5.1"]
[White "Vedrickas,T"]
[Black "Mickevicius,J"]
[Result "1-0"]
[WhiteElo "2392"]
[BlackElo "2297"]
[EventType "team"]

1.d4 Nf6 2.c4 e6 3.Nc3 Bb4 4.Qc2 O-O 5.e4 d6 6.a3 Bxc3+ 7.bxc3 e5 8.Bd3 Nc6
9.Ne2 b6 10.O-O Ba6 11.f4 Nd7 12.Rf3 Na5 13.Ng3 Bxc4 14.Bxc4 Nxc4 15.Qa4 Na5
16.fxe5 dxe5 17.Nf5 Kh8 18.Be3 Qe8 19.Rg3 Rg8 20.Rh3 f6 21.Rf1 exd4 22.cxd4 c5
23.e5 Rf8 24.Nd6 Qe6 25.d5 Qxe5 26.Qxd7 Qxd5 27.Rg3 g5 28.Bxg5 {#r} 1-0

[Event "TCh-LTU 2017"]
[Site "masterchessopen.com Lithuania LTU"]
[Date "2017.02.19"]
[Round "5.1"]
[White "Limontas,M"]
[Black "Brazdzionis,A"]
[Result "0-1"]
[WhiteElo "2297"]
[BlackElo "2288"]
[EventType "team"]

1.Nc3 Nf6 2.d4 d6 3.e4 g6 4.g3 Bg7 5.Bg2 O-O 6.Nge2 Na6 7.O-O c5 8.h3 cxd4
9.Nxd4 Nc5 10.Be3 Bd7 11.Qd2 Rc8 12.Rfe1 a6 13.a4 e5 14.Nde2 Bc6 15.f3 Qc7
16.a5 Rfe8 17.Red1 Bf8 18.Nc1 Ne6 19.Nb3 Qb8 20.Qf2 Rcd8 21.Nd5 Bxd5 22.exd5
Ng7 23.g4 Nd7 24.f4 f5 25.Nd2 Qc8 26.Nf3 fxg4 27.Ng5 g3 28.Qd2 Nf5 29.Ne6 Bh6
30.Be4 Nxe3 31.Qxe3 Bxf4 32.Qe2 Nf6 33.Nxd8 Rxd8 34.Bg2 Kg7 35.Kh1 h5 36.c4 g5
37.b4 g4 38.Qf1 Qf5 39.c5 dxc5 40.bxc5 gxh3 41.Bxh3 Qc2 42.Qg2 Qxc5 43.Rab1
Rxd5 44.Rxb7+ Kh6 45.Rf1 Qxa5 46.Rf7 Rd6 47.Rb1 Qd8 48.Qf3 Rd2 49.Bg2 Ng4
50.Rxf4 Qh4+ 51.Kg1 Qh2+ 52.Kf1 Rf2+ 53.Qxf2 gxf2 {#R} 0-1

[Event "TCh-LTU 2017"]
[Site "masterchessopen.com Lithuania LTU"]
[Date "2017.02.19"]
[Round "5.3"]
[White "Grabliauskas,V"]
[Black "Narmontas,R"]
[Result "1-0"]
[WhiteElo "2367"]
[BlackElo "2001"]
[EventType "team"]

1.d4 d5 2.Nf3 Nc6 3.Bf4 Bf5 4.e3 e6 5.Be2 Nf6 6.a3 Nh5 7.Bg5 Nf6 8.c4 h6 9.Bh4
g5 10.Bg3 Ne4 11.Qb3 Na5 12.Qa4+ c6 13.cxd5 exd5 14.Nbd2 b5 15.Qd1 h5 16.h3
Nxg3 17.fxg3 Bd6 18.O-O Qe7 19.Ne5 Bxe5 20.Rxf5 Bxg3 21.Nf1 h4 22.Nxg3 hxg3
23.Kh1 Qxe3 24.Bxb5 Rh6 25.Qf1 cxb5 26.Qxb5+ Ke7 27.Qxd5 Rf8 28.Qxa5 Re6
29.Qxa7+ Ke8 30.Qa8+ Ke7 31.Qb7+ Ke8 32.Raf1 f6 33.Rc5 Re7 34.Rc8+ Kf7
35.Rxf8+ Kxf8 36.Rxf6+ {#r} 1-0

[Event "TCh-LTU 2017"]
[Site "masterchessopen.com Lithuania LTU"]
[Date "2017.02.19"]
[Round "5.4"]
[White "Kalvaitis,S"]
[Black "Zilinskas,V"]
[Result "1-0"]
[WhiteElo "2284"]
[BlackElo "2036"]
[EventType "team"]

1.e4 c6 2.d4 d5 3.Nc3 dxe4 4.Nxe4 Nf6 5.Nxf6+ gxf6 6.c3 Bf5 7.Bd3 Bg6 8.Ne2
Qc7 9.O-O Nd7 10.Bf4 e5 11.Bg3 Bd6 12.Qc2 O-O-O 13.Bf5 Kb8 14.Rfe1 Rhe8
15.dxe5 fxe5 16.Rad1 Nf8 17.Nc1 f6 18.Be4 Qc8 19.Bxg6 Nxg6 20.Nb3 Rg8 21.Rd2
Bc7 22.Rxd8 Bxd8 23.Nd4 Bc7 24.Nf5 Rd8 25.Ne3 Rd6 26.h4 Qd7 27.h5 Nf8 28.Qe4
Rd2 29.a4 Qd3 30.Qh4 Nd7 31.Qg4 Bb6 32.Nf1 Rxb2 33.Rd1 Qc2 34.Qxd7 Bxf2+
35.Kh1 {#r} 1-0

[Event "TCh-LTU 2017"]
[Site "masterchessopen.com Lithuania LTU"]
[Date "2017.02.19"]
[Round "5.4"]
[White "Tamosaitis,R"]
[Black "Vaicekauskas,G"]
[Result "0-1"]
[WhiteElo "2101"]
[BlackElo "2228"]
[EventType "team"]

1.e4 e5 2.Nf3 Nc6 3.d4 exd4 4.c3 dxc3 5.Nxc3 d6 6.Bc4 Nf6 7.O-O Be7 8.Nd5 O-O
9.Re1 Bg4 10.Nxe7+ Qxe7 11.Bg5 Ne5 12.Be2 Rfe8 13.Nd4 Bxe2 14.Rxe2 Ng6 15.Nf5
Qe5 16.f3 d5 17.Bxf6 Qxf6 18.Ng3 Rad8 19.exd5 Rxe2 20.Qxe2 Qd4+ 21.Qf2 Rxd5
22.Qxd4 Rxd4 23.Re1 Kf8 24.Re2 c5 25.Rc2 b6 26.Ne2 Rd1+ 27.Kf2 Ne5 28.Nc3 Rd7
29.b3 f6 30.Ke3 Nc6 31.Ne4 Nb4 32.Re2 f5 33.Ng3 g6 34.Kf4 Nd3+ 35.Kg5 Kg7
36.Nf1 h6+ 37.Kh4 Kf6 38.g3 Ne5 39.Nd2 Rxd2 {#R} 0-1

[Event "TCh-LTU 2017"]
[Site "masterchessopen.com Lithuania LTU"]
[Date "2017.02.19"]
[Round "5.4"]
[White "Vasylius,K"]
[Black "Einikis,V"]
[Result "0-1"]
[WhiteElo "2080"]
[BlackElo "2185"]
[EventType "team"]

1.e4 c5 2.Nf3 Nf6 3.e5 Nd5 4.Nc3 e6 5.d4 Nc6 6.Nxd5 exd5 7.dxc5 Bxc5 8.Bd3 d6
9.exd6 Qxd6 10.O-O O-O 11.c3 h5 12.Re1 Bd7 13.Bg5 Rfe8 14.Qb3 Bg4 15.Nd2 Ne5
16.Bb5 Bd7 17.Bf1 Ng4 18.Rxe8+ Rxe8 19.Nf3 Nxf2 20.Nd4 Ng4 21.g3 Qe5 22.Bf4
Bxd4+ {#R} 0-1

[Event "TCh-LTU 2017"]
[Site "masterchessopen.com Lithuania LTU"]
[Date "2017.02.19"]
[Round "5.5"]
[White "Valantiejus,Vaidotas"]
[Black "Juknis,P"]
[Result "0-1"]
[WhiteElo "2174"]
[BlackElo "2235"]
[EventType "team"]

1.e4 c5 2.Nf3 d6 3.d4 cxd4 4.Nxd4 Nf6 5.Nc3 a6 6.Be3 e5 7.Nb3 Be7 8.f3 Be6
9.Qd2 O-O 10.O-O-O a5 11.Bb5 Na6 12.Qe2 Qb8 13.Na4 Nc7 14.Nb6 a4 15.Nxa8 axb3
16.Nxc7 bxa2 17.Kd2 Qxc7 18.Ra1 d5 19.Bd3 dxe4 20.fxe4 Qa5+ 21.Kc1 Qa4 22.Bd2
Bb4 23.Bxb4 Qxb4 24.Qd2 Qa4 25.Re1 Rc8 26.c3 b5 27.Bc2 Qa5 28.Qd6 Nd7 29.Qb4
Qb6 30.b3 Qf2 31.Rd1 Qxg2 32.Rd2 Qg1+ 33.Kb2 Qe3 34.Rd3 Qf2 35.Qa5 Bxb3
36.Rxd7 Qxc2+ 37.Ka3 h6 38.Rd8+ Rxd8 39.Qxd8+ Kh7 40.Qa5 Bc4 41.Qb4 Qxe4 {#R}
0-1

[Event "TCh-LTU 2017"]
[Site "masterchessopen.com Lithuania LTU"]
[Date "2017.02.19"]
[Round "5.7"]
[White "Bieliauskas,M"]
[Black "Grybas,G"]
[Result "1-0"]
[WhiteElo "2154"]
[BlackElo "2028"]
[EventType "team"]

1.Nf3 d5 2.c4 c6 3.g3 Nf6 4.Bg2 Bf5 5.cxd5 Nxd5 6.d3 Bg6 7.O-O e6 8.Nbd2 Be7
9.Nc4 Nd7 10.Bd2 O-O 11.Rc1 N5b6 12.Na5 Qc8 13.b4 a6 14.a4 Nd5 15.Qb3 Bd8
16.h3 Bxa5 17.bxa5 f6 18.Rb1 Rb8 19.e4 Nc7 20.Be3 Bf7 21.Ba7 e5 22.Qb2 Ra8
23.Qxb7 Nb5 24.Qxc8 Rfxc8 25.axb5 Rxa7 26.b6 Rb7 27.Rfc1 Kf8 28.d4 Bg6 29.Re1
Ke7 30.Bf1 Ra8 31.dxe5 fxe5 32.Nd2 Nc5 33.Rbc1 Kd6 34.Nc4+ Ke6 35.Nxe5 {#r}
1-0

[Event "TCh-SVK 2016-17"]
[Site "masterchessopen.com Slovakia SVK"]
[Date "2017.02.19"]
[Round "8.5"]
[White "Zetocha,C"]
[Black "Motuz,K"]
[Result "1-0"]
[WhiteElo "2333"]
[BlackElo "2317"]

1.e4 e6 2.d4 d5 3.Nc3 Nf6 4.Bg5 Bb4 5.e5 h6 6.Be3 Ne4 7.Ne2 c5 8.a3 cxd4
9.Bxd4 Nxc3 10.Nxc3 Be7 11.Qg4 O-O 12.Be3 f5 13.exf6 Rxf6 14.O-O-O Qf8 15.Qg3
Nc6 16.Kb1 Bd6 17.f4 Bd7 18.Ne2 Re8 19.Qh4 e5 20.fxe5 Bxe5 21.Bc1 Qc5 22.Ng3
Nd4 23.c3 Nb3 24.Qb4 Qxb4 25.axb4 Bg4 26.Rxd5 Bxg3 27.hxg3 Nxc1 28.Bc4 Be6
29.Re5 Nd3 30.Rxe6 Rexe6 31.Bxd3 Re3 32.Bc4+ Kf8 33.g4 Rf4 34.Bd5 b6 35.g5
hxg5 36.Rh8+ Ke7 37.Rg8 Kd6 38.Rd8+ Kc7 39.Ra8 Re2 40.Bf3 Re1+ 41.Ka2 g4
42.Rxa7+ Kd6 43.Ba8 Re2 44.Kb3 b5 45.Ra5 Rf5 46.c4 bxc4+ 47.Kxc4 Rf4+ 48.Kb3
Ke6 49.Bd5+ Kf6 50.b5 Re3+ 51.Ka2 Rb4 52.b3 Ke5 53.Bc4 Kd4 54.Ra7 Rg3 55.Rxg7
Rxg2+ 56.Ka3 Kc3 57.Rc7 Rxc4 58.Rxc4+ Kd3 59.b6 Rf2 60.b7 {#r} 1-0

[Event "WCh Women 2017"]
[Site "masterchessopen.com Tehran IRI"]
[Date "2017.02.18"]
[Round "3.2"]
[White "Muzychuk,A"]
[Black "Pham Le Thao Nguyen"]
[Result "1-0"]
[WhiteElo "2558"]
[BlackElo "2351"]

1.e4 g6 2.d4 Bg7 3.Nf3 d6 4.c3 a6 5.Bd3 Nf6 6.O-O O-O 7.Re1 Nc6 8.Na3 e5
9.dxe5 dxe5 10.Nc4 Re8 11.a4 h6 12.b4 Bg4 13.h3 Bd7 14.Be3 Nh5 15.Bf1 Qc8
16.Qd2 g5 17.b5 Nb8 18.b6 Bc6 19.bxc7 Qxc7 20.Nb6 Nd7 21.Nxa8 Rxa8 22.Qc2 Ndf6
23.Nd2 g4 24.g3 gxh3 25.Bxh3 Bd7 26.Bxd7 Qxd7 27.Kg2 Qg4 28.Qd1 Qg6 29.Qf3 Rd8
30.Qf5 Nf4+ 31.Bxf4 Qxf5 32.exf5 exf4 33.Ne4 fxg3 34.fxg3 Nxe4 35.Rxe4 Bxc3
36.Rb1 Rd7 37.Rb6 Kh7 38.Rh4 Bd2 39.Kf3 a5 40.Rh1 Rc7 41.Ke2 Bg5 42.Rhb1 Rc2+
43.Kf3 Rc3+ 44.Kg2 Ra3 45.Rxb7 Kg7 46.R1b6 Rxa4 47.Rg6+ Kf8 48.Rb8+ Ke7 49.Ra6
Rb4 50.Rba8 Rb7 51.Rxa5 Kf6 52.R8a6+ Kg7 53.Ra7 Rb2+ 54.Kh3 Rb3 55.R5a6 Bf6
56.Rc6 Rb8 57.Rcc7 Rf8 58.Kg4 Bg5 59.Kh5 Bf6 60.Rc6 Rb8 61.Raa6 Bg5 62.f6+ Kh7
63.Rc7 Rf8 64.Raa7 Kg8 65.Rd7 Be3 66.Rac7 Bg5 67.Rb7 Be3 68.Kg4 Bc1 69.Kf5 Bg5
70.Rbc7 Be3 71.Rd3 Bb6 72.Rc6 Ba5 73.Ra6 Bb4 74.Ra4 Bc5 75.Rg4+ {#r} 1-0

[Event "WCh Women 2017"]
[Site "masterchessopen.com Tehran IRI"]
[Date "2017.02.18"]
[Round "3.2"]
[White "Ni,Shiqun"]
[Black "Pogonina,N"]
[Result "1-0"]
[WhiteElo "2399"]
[BlackElo "2487"]

1.e4 e5 2.Nf3 Nc6 3.d4 exd4 4.Nxd4 Bc5 5.Nb3 Bb6 6.Nc3 Nge7 7.Qe2 O-O 8.Be3
Bxe3 9.Qxe3 d6 10.O-O-O a6 11.f4 Qe8 12.Bd3 b5 13.Rhe1 Bd7 14.Kb1 Kh8 15.Qf3
Qc8 16.h3 b4 17.Nd5 a5 18.Nxe7 Nxe7 19.e5 Ng6 20.Nc1 a4 21.Qe4 Rb8 22.exd6
cxd6 23.Qd4 Bf5 24.g4 Bxd3 25.Rxd3 f5 26.g5 Qc5 27.Re6 Rbc8 28.Rd2 Qc4 29.Rxd6
Nxf4 30.h4 Nh5 31.b3 axb3 32.axb3 Qc3 33.Ne2 Qf3 34.Rd8 Rcxd8 35.Qxd8 Kg8
36.Qe7 Qh1+ 37.Kb2 Qa8 38.Rd7 Qe8 39.Nd4 f4 40.Nf3 Qc8 41.Rc7 Qd8 42.Qe6+ Kh8
43.Qc4 Qd6 44.Rc8 g6 45.Rc7 Ng7 46.Rb7 Rb8 47.Ra7 Rf8 48.Qb5 Rb8 49.Qc4 Rf8
50.Rc7 Nf5 51.Rc5 Rb8 52.Rd5 Qb6 53.Rd7 Qe3 54.Qc7 Rf8 55.Rd3 Qe7 56.Qxe7 Nxe7
57.Rd4 h6 58.Rxb4 hxg5 59.hxg5 Nd5 60.Rd4 Ne3 61.c4 Ng2 62.c5 Re8 63.Kc3 Kg8
64.b4 Ra8 65.c6 Kf7 66.b5 Ke6 67.Kb4 Ne3 68.Kc5 Ra1 69.Rxf4 Rc1+ 70.Kd4 Nf5+
71.Kd3 Kd5 72.Rb4 Nd6 73.Nd2 Rc5 74.Ne4 Nxe4 75.Rd4+ Ke5 76.Rxe4+ Kf5 77.Rc4
{#r} 1-0

[Event "19th Lienz Open 2017"]
[Site "masterchessopen.com Lienz AUT"]
[Date "2017.02.18"]
[Round "9.5"]
[White "Pantzar,Milton"]
[Black "Sebenik,M"]
[Result "0-1"]
[WhiteElo "2271"]
[BlackElo "2534"]

1.d4 e6 2.c4 Nf6 3.Nc3 Bb4 4.e3 O-O 5.Ne2 d5 6.a3 Be7 7.cxd5 exd5 8.Nf4 c6
9.Bd3 Re8 10.O-O Nbd7 11.f3 Nf8 12.Bc2 Ne6 13.Nxe6 Bxe6 14.e4 dxe4 15.fxe4 Bg4
16.Qd3 Bh5 17.Be3 Qd7 18.e5 Bg6 19.Qe2 Bxc2 20.Qxc2 Nd5 21.Qe4 Rad8 22.Rad1
Bxa3 23.Nxd5 cxd5 24.Qh4 Be7 25.Bg5 Bxg5 26.Qxg5 h6 27.Qh5 Qe6 28.Rd3 Rc8
29.Rg3 Re7 30.Rf6 Rc1+ 31.Kf2 Qc8 32.Rxh6 Qc2+ 33.Kf3 Qe4+ 34.Kf2 Rc2+ 35.Kf1
Qf4+ {#R} 0-1

[Event "19th Lienz Open 2017"]
[Site "masterchessopen.com Lienz AUT"]
[Date "2017.02.18"]
[Round "9.7"]
[White "Gusain,H"]
[Black "Ranaldi,Lucas"]
[Result "1-0"]
[WhiteElo "2438"]
[BlackElo "2282"]

1.e4 c6 2.d4 d5 3.e5 Bf5 4.h4 c5 5.dxc5 Nc6 6.a3 Qc7 7.Bf4 h5 8.Nc3 O-O-O
9.Nb5 Qd7 10.Nd4 Nxd4 11.Qxd4 e6 12.b4 Bxc2 13.Rc1 Bg6 14.b5 Kb8 15.Rh3 Rc8
16.Rb3 Ne7 17.c6 Qd8 18.b6 Nxc6 19.bxa7+ Ka8 20.Qa4 Be7 21.Rxb7 Kxb7 22.a8=Q+
Rxa8 23.Qxc6+ Kb8 24.Qb5+ Ka7 25.Be3+ d4 26.Bxd4+ Qxd4 27.Rc7# 1-0

[Event "19th Lienz Open 2017"]
[Site "masterchessopen.com Lienz AUT"]
[Date "2017.02.18"]
[Round "9.8"]
[White "Praveen Kumar,C1"]
[Black "Nitin,S"]
[Result "0-1"]
[WhiteElo "2279"]
[BlackElo "2428"]

1.d4 Nf6 2.Nf3 g6 3.Nc3 d5 4.Bf4 Bg7 5.e3 O-O 6.Be2 c5 7.Ne5 Nc6 8.O-O cxd4
9.exd4 Bf5 10.Nxc6 bxc6 11.Be5 Qa5 12.Bf3 Rfe8 13.Rb1 h5 14.b4 Qd8 15.Re1 Rc8
16.Ne2 h4 17.Nf4 Ne4 18.Bxe4 dxe4 19.Bxg7 Kxg7 20.Ne2 h3 21.g3 Bg4 22.Qd2 e5
23.Rbd1 Qd5 24.dxe5 e3 25.Qxd5 cxd5 26.Rd4 Bf3 27.Rd3 Rxe5 28.Nd4 exf2+
29.Kxf2 Be4 30.Ra3 Re7 31.c3 f5 32.Re3 Rf8 33.Ra6 f4 34.gxf4 Rxf4+ 35.Ke1 Rg4
36.Nc6 Rg1+ 37.Kd2 Rg2+ 38.Kc1 Rf7 39.Rxa7 Rxa7 40.Nxa7 Rxh2 41.Nb5 Rc2+
42.Kd1 h2 {#R} 0-1

[Event "19th Lienz Open 2017"]
[Site "masterchessopen.com Lienz AUT"]
[Date "2017.02.18"]
[Round "9.10"]
[White "Kanmazalp,O"]
[Black "Rieger,R"]
[Result "0-1"]
[WhiteElo "2431"]
[BlackElo "2299"]

1.e4 c5 2.Nf3 Nc6 3.d4 cxd4 4.Nxd4 Nf6 5.Nc3 e5 6.Ndb5 d6 7.Bg5 a6 8.Na3 b5
9.Nd5 Qa5+ 10.Bd2 Qd8 11.c4 Nxe4 12.cxb5 Be6 13.Bc4 Ne7 14.Be3 Rc8 15.Nb6 d5
16.Bd3 Nf5 17.bxa6 Bb4+ 18.Ke2 O-O 19.Nxc8 Nxe3 20.Qb3 Nxg2 21.Qxb4 Nf4+
22.Kf3 Bg4+ 23.Kxg4 Qg5+ {#R} 0-1

[Event "Bunratty Masters 2017"]
[Site "masterchessopen.com Bunratty IRL"]
[Date "2017.02.18"]
[Round "4.3"]
[White "Hebden,M"]
[Black "Bates,Ri"]
[Result "0-1"]
[WhiteElo "2486"]
[BlackElo "2370"]
[EventType "swiss"]

1.d4 Nf6 2.Bf4 d6 3.Nc3 Nc6 4.Nf3 Bg4 5.d5 e5 6.Bg5 Nb8 7.h3 Bxf3 8.exf3 Be7
9.Be3 O-O 10.f4 exf4 11.Bxf4 Nbd7 12.Be2 Ne5 13.O-O Nfd7 14.Nb5 Bf6 15.c3 Re8
16.Re1 Ng6 17.Be3 a6 18.Nd4 Bg5 19.Nf5 Re5 20.Qc2 Bxe3 21.Nxe3 Qg5 22.Bg4 Nf6
23.g3 Rae8 24.f4 Nxf4 25.gxf4 Qxf4 26.Qf2 Qg5 27.Ng2 Nxg4 28.hxg4 Qxg4 29.Rxe5
Rxe5 30.Re1 Rxe1+ 31.Qxe1 g6 32.Qd2 h5 33.Kf2 Qf5+ 34.Kg3 g5 35.Qd4 h4+ 36.Kh2
Qf3 37.c4 {#R} 0-1

[Event "St Louis Winter GM 2017"]
[Site "masterchessopen.com Saint Louis USA"]
[Date "2017.02.18"]
[Round "4.3"]
[White "Arribas Lopez,A"]
[Black "Abrahamyan,T"]
[Result "0-1"]
[WhiteElo "2511"]
[BlackElo "2327"]

1.e4 e6 2.d4 d5 3.Nc3 Bb4 4.exd5 exd5 5.Bd3 Nf6 6.a3 Bd6 7.Nb5 Be7 8.Bf4 Na6
9.Nc3 O-O 10.Qf3 c5 11.dxc5 Nxc5 12.Nge2 d4 13.Na2 Bg4 14.Qg3 Qd7 15.h3 Nxd3+
16.Qxd3 Bxe2 17.Kxe2 Rfe8 18.Kf1 Rac8 19.Be5 Nd5 20.c4 Bf6 21.Bxf6 Nxf6 22.Rd1
Rcd8 23.Nb4 a5 24.Nc2 Ne4 25.Kg1 Nc5 26.Qf3 Qa4 27.Nxd4 Ne6 28.Qg4 Qd7 {#R}
0-1

[Event "St Louis Winter GM 2017"]
[Site "masterchessopen.com Saint Louis USA"]
[Date "2017.02.18"]
[Round "4.5"]
[White "Kumar,Nikhil"]
[Black "Liang,Awonder"]
[Result "0-1"]
[WhiteElo "2479"]
[BlackElo "2493"]

1.d4 Nf6 2.c4 g6 3.Nc3 d5 4.cxd5 Nxd5 5.e4 Nxc3 6.bxc3 Bg7 7.Qa4+ Nd7 8.Nf3
O-O 9.Be2 c5 10.O-O b6 11.Bg5 h6 12.Be3 Bb7 13.e5 e6 14.Rfd1 Qc7 15.Kh1 a6
16.Qa3 Rfd8 17.Nd2 b5 18.Bf3 cxd4 19.cxd4 Bxf3 20.Nxf3 Nb6 21.Rac1 Qb7 22.Nd2
Rac8 23.Rxc8 Rxc8 24.Rc1 Bf8 25.Rxc8 Qxc8 26.Qb2 Nd5 27.Nb3 Qc4 28.h3 h5
29.Bg5 Bb4 30.Qc1 Qxc1+ 31.Bxc1 a5 32.Bb2 a4 33.Nc1 Bc3 34.Bxc3 Nxc3 35.a3 Nb1
36.Na2 Nxa3 37.Nb4 Nb1 38.Na2 a3 39.Kg1 Nc3 40.Nb4 a2 41.Nc2 Ne2+ 42.Kf1 Nxd4
43.Na1 b4 {#R} 0-1